| 000 | 01308nam0a22003251 4500 | ||
|---|---|---|---|
| 001 | v19\rc\1984416 | ||
| 005 | 20251118181216.3 | ||
| 035 | _a(NLR Aleph) 005067147 | ||
| 090 |
_a7057018 _c7057018 |
||
| 100 | _a20080623d1914 u y0rusy50 ca | ||
| 101 | 0 | _arus | |
| 102 | _aRU | ||
| 105 | _ay z ||||| | ||
| 200 | 1 |
_aНационально-хозяйственное значение и нужды русских курортов вообще и курорта Теберды (Русского Давоса) в частности _eК п. 11 сметы Лесн. д-та на 1914 г. _fИнж. В.Н. Смирнов |
|
| 210 |
_aРостов-на-Дону _cтип. т-ва "Наука и жизнь" _d1914 |
||
| 215 |
_a16 с. _d23 |
||
| 320 | _aБиблиогр.: "Библиография Теберды" (с. 16) | ||
| 700 | 1 |
_7ca _8rus _aСмирнов _bВ. Н. _cинженер-технолог _gВасилий Николаевич _9237384 _3RU\NLR\AUTH\770237440 |
|
| 801 | 0 |
_aRU _bNLR _gpsbo |
|
| 801 | 0 |
_aRU _bRuMoRGB _2psbo |
|
| 801 | 1 |
_aRU _bProSoft-M _2rusmarc |
|
| 852 |
_aNLR _j18.280.8.308 |
||
| 852 |
_aNLR _j38/652 |
||
| 899 |
_aRuMoRGB _jM 85/387 |
||
| 899 |
_aRuMoRGB _jV 41/114 |
||
| 899 |
_aRuMoRGB _jW 217/1274 |
||
| 899 | _aБАН | ||
| 899 | _aНБ МГУ | ||
| 942 | _cBOOK | ||
| 980 | _aNB | ||